<?xml version="1.0" encoding="UTF-8"?>
<record
    xmlns:xsi="http://www.w3.org/2001/XMLSchema-instance"
    xsi:schemaLocation="http://www.loc.gov/MARC21/slim http://www.loc.gov/standards/marcxml/schema/MARC21slim.xsd"
    xmlns="http://www.loc.gov/MARC21/slim">

  <leader>00948cam a2200229 a 4500</leader>
  <controlfield tag="001">sa 68000555 </controlfield>
  <controlfield tag="003">DLC</controlfield>
  <controlfield tag="005">20260227112425.0</controlfield>
  <controlfield tag="008">990324m19809999ii            000 0 san  </controlfield>
  <datafield tag="010" ind1=" " ind2=" ">
    <subfield code="a">sa 68000555 </subfield>
  </datafield>
  <datafield tag="040" ind1=" " ind2=" ">
    <subfield code="a">DLC</subfield>
    <subfield code="c">WaU</subfield>
    <subfield code="d">DLC</subfield>
  </datafield>
  <datafield tag="050" ind1="0" ind2="0">
    <subfield code="a">PK541</subfield>
    <subfield code="b">.B48 1963a</subfield>
  </datafield>
  <datafield tag="100" ind1="0" ind2=" ">
    <subfield code="a">Bhartr&#x325;hari</subfield>
  </datafield>
  <datafield tag="245" ind1="1" ind2="0">
    <subfield code="a">V&#x101;kyapad&#x12B;yam /</subfield>
    <subfield code="c">&#x15A;r&#x12B;raghun&#x101;tha&#x15B;arma&#x1E47;&#x101; viracitay&#x101; ; Amb&#x101;kartr&#x12B;sam&#x101;khyay&#x101; vy&#x101;khyay&#x101;sahitam ; Ko. A. Subrahma&#x1E47;ya-Ayyara-likhitopoddh&#x101;tasamala&#x1E45;kr&#x325;tam.</subfield>
  </datafield>
  <datafield tag="260" ind1=" " ind2=" ">
    <subfield code="a">V&#x101;r&#x101;&#x1E47;asy&#x101;m :</subfield>
    <subfield code="b">Director, Research Institute, Varanaseya Sanskrit Vishwavidyalaya,</subfield>
    <subfield code="c">1885-&lt;1919   &gt; [1963-&lt;1997   &gt;</subfield>
  </datafield>
  <datafield tag="300" ind1=" " ind2=" ">
    <subfield code="a">v. &lt;1-3; 3 in 2   &gt; ;</subfield>
    <subfield code="c">25 cm.</subfield>
  </datafield>
  <datafield tag="440" ind1=" " ind2="0">
    <subfield code="a">Sarasvat&#x12B;bhavana-grantham&#x101;l&#x101; ;</subfield>
    <subfield code="v">91</subfield>
  </datafield>
  <datafield tag="500" ind1=" " ind2=" ">
    <subfield code="a">In Sanskrit.</subfield>
  </datafield>
  <datafield tag="505" ind1="1" ind2=" ">
    <subfield code="a">1. Brahmak&#x101;&#x1E47;a&#x1E0D;am -- 2. V&#x101;kyk&#x101;&#x1E47;&#x1E0D;am.- 3. (pt. i-ii) Padak&#x101;&#x1E47;&#x1E0D;a</subfield>
  </datafield>
  <datafield tag="650" ind1=" " ind2="0">
    <subfield code="a">Sanskrit language</subfield>
    <subfield code="x">Grammar.</subfield>
  </datafield>
  <datafield tag="700" ind1="1" ind2="2">
    <subfield code="a">&#x15A;arm&#x101;, Raghun&#x101;tha,</subfield>
    <subfield code="d">1901-1989.</subfield>
    <subfield code="t">Amb&#x101;kartr&#x12B;.</subfield>
  </datafield>
  <datafield tag="999" ind1=" " ind2=" ">
    <subfield code="c">77293</subfield>
    <subfield code="d">77293</subfield>
  </datafield>
</record>
